[Event "Canada vs. Sweden"]
[Site "CCCA"]
[Date "2014.12.01"]
[Round "1"]
[White "Morley, Paul"]
[Black "Andéer, Stefan"]
[Result "1/2-1/2"]
[WhiteElo "2376"]
[BlackElo "2476"]
[EventDate "2014.12.01"]
[Board "2"]
[WhiteTeam "Canada"]
[BlackTeam "Sweden"]

1.c4 Nf6 2.Nc3 c6 3.e4 d5 4.exd5 cxd5 5.cxd5 Nxd5 6.Bc4 Nb6 7.Bb3 Nc6 8.
Nf3 Bf5 9.d4 e6 10.O-O Be7 11.d5 exd5 12.Nxd5 Nxd5 13.Qxd5 Qxd5 14.Bxd5 
O-O 15.Bg5 Bxg5 16.Nxg5 h6 17.Nf3 Nb4 18.Bb3 Nd3 19.Rfd1 Rfd8 20.Bc2 Bg6 
21.Bxd3 Bxd3 22.Rd2 Rd5 23.Rad1 Rad8 24.Ne1 Be4 25.Rxd5 Rxd5 26.Rxd5 Bxd5 
27.b3 Be4 28.f3 Bb1 29.a3 Kf8 30.Kf2 Ke7 31.Ke3 Kd6 32.Kd4 Bf5 33.g3 b6 
34.Ng2 g5 35.Ne3 Be6 36.b4 Kc6 1/2-1/2

[Event "Canada vs. Sweden"]
[Site "CCCA"]
[Date "2014.12.01"]
[Round "2"]
[White "Andéer, Stefan"]
[Black "Morley, Paul"]
[Result "1/2-1/2"]
[WhiteElo "2476"]
[BlackElo "2376"]
[EventDate "2014.12.01"]
[Board "2"]
[WhiteTeam "Sweden"]
[BlackTeam "Canada"]

1.d4 d5 2.c4 dxc4 3.e3 Nf6 4.Bxc4 e6 5.Nf3 c5 6.O-O a6 7.Bb3 cxd4 8.exd4 
Nc6 9.Nc3 Be7 10.Bf4 O-O 11.a3 Nd5 12.Nxd5 exd5 13.Ne5 Nxe5 14.Bxe5 Be6 
15.Rc1 Rc8 16.Qf3 Rxc1 17.Rxc1 Bd6 18.Bxd6 Qxd6 19.h3 Qd7 20.Re1 g6 21.h4 
h5 22.Qf6 Re8 23.Re5 a5 24.f3 Qd8 25.Qxd8 Rxd8 26.Kf2 Kg7 27.Re3 Rc8 28.
Kg3 b5 29.Rc3 Rxc3 30.bxc3 f6 31.Kf4 Bf7 32.Bd1 Be8 33.Be2 Bd7 34.g4 Kh6 
35.Bf1 Kg7 36.gxh5 gxh5 37.Bd3 Kf7 38.Be2 Kg7 1/2-1/2

[Event "Canada vs. Sweden"]
[Site "CCCA"]
[Date "2014.12.01"]
[Round "1"]
[White "Allenby, Edward"]
[Black "Johansson, Christer"]
[Result "0-1"]
[WhiteElo "2024"]
[BlackElo "2119"]
[EventDate "2014.12.01"]
[Board "17"]
[WhiteTeam "Canada"]
[BlackTeam "Sweden"]

1.g3 e5 2.c4 d6 3.Bg2 f5 4.Nc3 Nf6 5.e3 Be7 6.Nge2 c6 7.O-O Be6 8.b3 O-O 
9.d4 Bf7 10.a4 e4 11.Bh3 g6 12.Ba3 a5 13.Qd2 Na6 14.Bg2 Nb4 15.Na2 c5 16.
Nxb4 axb4 17.Bb2 d5 18.dxc5 dxc4 19.Qxb4 cxb3 20.Qxb7 Bxc5 21.Qb5 Qc7 22.
Rac1 Ra5 23.Rxc5 Qxc5 24.Qxc5 Rxc5 25.Bxf6 Rc2 26.Nd4 Ra2 27.Rb1 Bc4 28.
Be5 Re8 29.f4 b2 30.Nc2 Bd3 31.Rxb2 Rxb2 32.Bxb2 Bxc2 33.a5 Ra8 34.Bc3 Rc8
35.Bd4 Bd3 36.h3 Rc1+ 37.Kf2 h5 38.Bb6 Kf7 39.Bd8 Ke6 40.Bb6 Kd5 41.Ba7 
Kc4 42.Bd4 Kb3 43.Bb6 Rc2+ 44.Kg1 Kc3 45.Ba7 Ra2 46.Bb6 Kd2 47.Kf2 Kd1+ 
48.Kg1 Ke2 0-1

[Event "Canada vs. Sweden"]
[Site "CCCA"]
[Date "2014.12.01"]
[Round "2"]
[White "Johansson, Christer"]
[Black "Allenby, Edward"]
[Result "1-0"]
[WhiteElo "2119"]
[BlackElo "2024"]
[EventDate "2014.12.01"]
[Board "17"]
[WhiteTeam "Sweden"]
[BlackTeam "Canada"]

1.d4 Nf6 2.Nf3 e6 3.c4 d5 4.Nc3 Bb4 5.Qc2 dxc4 6.a3 Ba5 7.Qa4+ Nc6 8.Qxc4 
O-O 9.Bg5 h6 10.Bxf6 Qxf6 11.e3 e5 12.d5 e4 13.Nd2 Ne5 14.Ndxe4 Qg6 15.Qd4
Re8 16.Qa4 Bxc3+ 17.Nxc3 Bd7 18.Qd4 c5 19.Qxc5 Qc2 20.Qd4 Qxb2 21.Nb5 Qc2 
22.Qd2 Rec8 23.Nd6 Rc7 24.Qxc2 Rxc2 25.h3 b6 26.f4 Ng6 27.Rg1 Rd8 28.Bd3 
Rc7 29.a4 Ne7 30.e4 f5 31.e5 Nxd5 32.g3 Nb4 33.Ke2 Nxd3 34.Kxd3 Kf8 35.
Rac1 Rxc1 36.Rxc1 Bxa4 37.Rc7 a5 38.Rf7+ Kg8 39.Rb7 Bd7 40.Kc4 b5+ 41.Kd5 
b4 42.e6 Ba4 43.Ke5 g6 44.Nf7 Ra8 45.Nxh6+ Kh8 46.Kf6 Bc6 47.Rg7 Be8 48.
Nf7+ 1-0

[Event "Canada vs. Sweden"]
[Site "CCCA"]
[Date "2014.12.01"]
[Round "1"]
[White "Jean, Pierre"]
[Black "Lövkvist, Sören"]
[Result "1/2-1/2"]
[WhiteElo "1989"]
[BlackElo "2079"]
[EventDate "2014.12.01"]
[Board "19"]
[WhiteTeam "Canada"]
[BlackTeam "Sweden"]

1.d4 Nf6 2.c4 g6 3.Nc3 d5 4.cxd5 Nxd5 5.e4 Nxc3 6.bxc3 Bg7 7.Nf3 c5 8.Rb1 
O-O 9.Be2 Nc6 10.d5 Ne5 11.Nxe5 Bxe5 12.Qd2 Bg7 13.c4 b6 14.Bb2 Bxb2 15.
Rxb2 Qd6 16.O-O f5 17.Bf3 fxe4 18.Bxe4 a6 19.g3 b5 20.Rc1 b4 21.Rb3 a5 22.
Qe2 a4 23.Re3 Ra7 24.Re1 Qf6 25.Kg2 Qd4 26.Bf3 Qf6 27.h3 h5 28.h4 Qd4 29.
Qc2 Bf5 30.Be4 b3 31.Qe2 b2 32.Bxf5 Rxf5 33.Rd1 Qg7 34.Ra3 Rb7 35.Qc2 Rb8 
36.Rxa4 e6 37.Ra3 exd5 38.cxd5 c4 39.Rb1 Qd4 40.Kg1 Rbf8 41.Rxb2 Rxf2 
1/2-1/2

[Event "Canada vs. Sweden"]
[Site "CCCA"]
[Date "2014.12.01"]
[Round "2"]
[White "Lövkvist, Sören"]
[Black "Jean, Pierre"]
[Result "1/2-1/2"]
[WhiteElo "2079"]
[BlackElo "1989"]
[EventDate "2014.12.01"]
[Board "19"]
[WhiteTeam "Sweden"]
[BlackTeam "Canada"]

1.e4 c5 2.Nc3 e6 3.f4 Nc6 4.Nf3 d5 5.Bb5 Ne7 6.exd5 Nxd5 7.Ne5 Bd7 8.Bxc6 
Bxc6 9.Nxc6 bxc6 10.O-O Be7 11.b3 Bf6 12.Bb2 Bd4+ 13.Kh1 O-O 14.Qf3 Qa5 
15.a3 Rad8 16.Nxd5 Rxd5 17.Bxd4 cxd4 18.Qd3 g6 19.Rf2 Qc7 20.g3 Rb8 21.Kg2
c5 22.Rd1 c4 23.Qxc4 Rc5 24.Qxd4 Rxc2 25.b4 a5 26.Rb1 Rb5 27.Qd3 Qc6+ 28.
Qf3 Rd5 29.b5 Qb6 30.d4 Rxf2+ 31.Qxf2 Rxb5 32.Rxb5 Qxb5 33.Qf3 a4 34.Qc3 
1/2-1/2

[Event "Canada vs. Sweden"]
[Site "CCCA"]
[Date "2014.12.01"]
[Round "1"]
[White "Selby, Robin"]
[Black "Österberg, Stig"]
[Result "1-0"]
[WhiteElo "1335"]
[BlackElo "1736"]
[EventDate "2014.12.01"]
[Board "36"]
[WhiteTeam "Canada"]
[BlackTeam "Sweden"]

1.d4 Nf6 2.Nf3 d5 3.Bf4 Nc6 4.c3 g6 5.e4 dxe4 6.Nfd2 Bg7 7.Be2 Nxd4 8.cxd4
Qxd4 9.Nc3 Nd5 10.O-O Nxc3 11.bxc3 Qxc3 12.Rc1 Qb4 13.Rc4 Qd6 14.Bxd6 cxd6
15.Nxe4 O-O 1-0

[Event "Canada vs. Sweden"]
[Site "CCCA"]
[Date "2014.12.01"]
[Round "2"]
[White "Österberg, Stig"]
[Black "Selby, Robin"]
[Result "1/2-1/2"]
[WhiteElo "1736"]
[BlackElo "1335"]
[EventDate "2014.12.01"]
[Board "36"]
[WhiteTeam "Sweden"]
[BlackTeam "Canada"]

1.e4 e5 2.Nc3 Nc6 3.Nf3 g6 4.d3 Bg7 5.Be2 Nf6 6.O-O O-O 7.h3 d6 8.Be3 h6 
9.a3 b6 10.Qd2 Bb7 11.Rad1 g5 12.g4 Kh7 13.b4 a6 1/2-1/2

[Event "Canada vs. Sweden"]
[Site "CCCA"]
[Date "2014.12.01"]
[Round "1"]
[White "Hryniw, Michael"]
[Black "Hagberg, Jan"]
[Result "0-1"]
[WhiteElo "2294"]
[BlackElo "2407"]
[EventDate "2014.12.01"]
[Board "5"]
[WhiteTeam "Canada"]
[BlackTeam "Sweden"]

1.c4 e5 2.e4 Bc5 3.d3 Nc6 4.Be3 d6 5.Nf3 Nge7 6.Be2 f5 7.Nc3 O-O 8.Nd5 f4 
9.Bd2 a5 10.Bc3 Bg4 11.Nd2 Bxe2 12.Nxe7+ Qxe7 13.Qxe2 Nd8 14.O-O Ne6 15.
Nf3 g5 16.Nd2 Qg7 17.Kh1 g4 18.f3 g3 19.h3 Rf6 20.Nb3 Be3 21.a4 Ng5 22.Bd2
Rh6 23.Bxe3 fxe3 24.Rae1 Kh8 25.Qxe3 Nxh3 26.gxh3 Rxh3+ 27.Kg1 Rg8 0-1

[Event "Canada vs. Sweden"]
[Site "CCCA"]
[Date "2014.12.01"]
[Round "2"]
[White "Hagberg, Jan"]
[Black "Hryniw, Michael"]
[Result "1-0"]
[WhiteElo "2407"]
[BlackElo "2294"]
[EventDate "2014.12.01"]
[Board "5"]
[WhiteTeam "Sweden"]
[BlackTeam "Canada"]

1.d4 Nf6 2.Bf4 g6 3.e3 Bg7 4.Nf3 O-O 5.Be2 d6 6.h3 c5 7.O-O b6 8.c4 Bb7 9.
Nc3 cxd4 10.exd4 d5 11.Ne5 dxc4 12.Bxc4 e6 13.Re1 Nc6 14.Nxf7 Rxf7 15.Bxe6
Qxd4 16.Bxf7+ Kxf7 17.Qb3+ Kf8 18.Bg3 Qd7 19.Rad1 Qf7 20.Re6 Re8 21.Rxe8+ 
Kxe8 22.Qa4 a6 23.Qf4 Qe7 24.Qc1 Kf7 25.Na4 b5 26.Nc5 Ba8 27.Re1 Qd8 28.
Ne6 Qd7 29.Qe3 Kg8 30.Bh4 Nd5 31.Nc5 Nxe3 32.Nxd7 Nf5 33.Re8+ Kf7 34.Rxa8 
Nxh4 35.Rxa6 Nb4 36.Ra5 Bd4 37.a4 bxa4 38.Rxa4 Nc6 39.b4 Na7 40.b5 Nxb5 
41.Rb4 Nc3 42.Kf1 Nf5 43.g4 Nd5 44.Ra4 Nc3 45.Rc4 Ne4 46.Rb4 Ned6 47.gxf5 
Nxf5 48.Rb8 h6 49.Rc8 Ke7 50.Nc5 Kd6 51.Nd3 g5 52.Ke2 Kd5 53.Nb4+ Ke6 54.
Nc2 Bf6 55.Rc6+ Ke5 56.Rc5+ Ke4 57.Rc4+ Ke5 58.Ne3 Nxe3 59.Kxe3 Kf5 60.Rc6
Bg7 61.Rc5+ Kg6 62.f4 gxf4+ 63.Kxf4 1-0

[Event "Canada vs. Sweden"]
[Site "CCCA"]
[Date "2014.12.01"]
[Round "1"]
[White "Giroux, Marc"]
[Black "Askelöf, Per"]
[Result "1/2-1/2"]
[WhiteElo "2099"]
[BlackElo "2205"]
[EventDate "2014.12.01"]
[Board "12"]
[WhiteTeam "Canada"]
[BlackTeam "Sweden"]

1.e4 e5 2.Nf3 Nc6 3.Bb5 a6 4.Ba4 Nf6 5.O-O Be7 6.Re1 b5 7.Bb3 O-O 8.h3 d6 
9.c3 Nb8 10.d4 Nbd7 11.Nbd2 Bb7 12.Bc2 Re8 13.Nf1 Bf8 14.Ng3 g6 15.Bg5 h6 
16.Bd2 Bg7 17.Qc1 Kh7 18.Rb1 c5 19.d5 Nb6 20.b3 Bc8 21.Bd3 Bd7 22.Qb2 Qc7 
23.c4 b4 24.Rbc1 a5 25.a3 Reb8 26.a4 Nc8 27.Re3 Ne7 28.Rd1 Rf8 29.Qc2 Nfg8
30.Ree1 Rae8 31.Bc1 Qc8 32.Re2 Kh8 33.Qd2 Kh7 34.Rde1 Qd8 1/2-1/2

[Event "Canada vs. Sweden"]
[Site "CCCA"]
[Date "2014.12.01"]
[Round "2"]
[White "Askelöf, Per"]
[Black "Giroux, Marc"]
[Result "1/2-1/2"]
[WhiteElo "2205"]
[BlackElo "2099"]
[EventDate "2014.12.01"]
[Board "12"]
[WhiteTeam "Sweden"]
[BlackTeam "Canada"]

1.e4 c5 2.Nf3 d6 3.d4 cxd4 4.Nxd4 Nf6 5.Nc3 a6 6.h3 e6 7.Be2 Bd7 8.Be3 Nc6
9.a4 Be7 10.O-O O-O 11.Qd2 Qc7 12.Rfd1 Rfd8 13.Nb3 b6 14.a5 bxa5 15.Bf4 
Be8 16.Ra4 Qb7 17.Rda1 d5 18.exd5 Nxd5 19.Nxd5 Rxd5 20.Qc1 Nb4 21.Rxa5 
Nxc2 22.Qxc2 Rc8 23.Bxa6 Qxa6 24.Rxd5 Qxa1+ 25.Nxa1 Rxc2 26.Nxc2 exd5 27.
Bd2 Bd6 1/2-1/2

[Event "Canada vs. Sweden"]
[Site "CCCA"]
[Date "2014.12.01"]
[Round "1"]
[White "Lackey, Ryan"]
[Black "Zeghachov, Djamel"]
[Result "1-0"]
[WhiteElo "1872"]
[BlackElo "1990"]
[EventDate "2014.12.01"]
[Board "23"]
[WhiteTeam "Canada"]
[BlackTeam "Sweden"]

1.d4 Nf6 2.c4 e6 3.Nc3 Bb4 4.Qc2 O-O 5.a3 Be7 6.e4 d5 7.e5 Nfd7 8.cxd5 
exd5 9.Nxd5 c5 10.e6 Nc6 11.exd7 Qxd7 12.Nxe7+ Qxe7+ 13.Be2 Nxd4 14.Qc3 
Bf5 15.Kf1 Nc2 16.Ra2 Rad8 17.b3 Nd4 18.Nf3 Rfe8 19.Be3 Nxe2 20.Kxe2 Rd3 
21.Qc4 Rxe3+ 22.fxe3 Qxe3+ 23.Kd1 Be6 24.Re2 Bxc4 25.Rxe3 Rxe3 26.bxc4 
Rxa3 27.Ke2 Kf8 28.Ng5 Ra2+ 29.Kf3 Ra3+ 30.Ke4 h6 31.Nf3 b6 32.Kd5 h5 33.
Rd1 f6 34.Kc6 Ra4 35.Rd8+ Kf7 36.Rd7+ Kg6 37.Kd5 Kh6 38.Nh4 Ra2 39.Nf5+ 
Kg6 40.Ke4 Re2+ 41.Ne3 a5 42.h3 h4 43.Rb7 a4 44.Ra7 Rf2 45.Rxa4 f5+ 46.Ke5
Re2 47.Ra3 Kg5 48.Kd6 Rd2+ 49.Kc6 f4 50.Nd5 Rxg2 51.Ra7 Kf5 52.Kxb6 g5 53.
Kxc5 Rc2 54.Ra8 Rc1 55.Rg8 Rc2 56.Kd4 Rd2+ 57.Kc3 Rd1 58.Nb4 f3 59.Nd3 Rb1
60.c5 Rb7 61.Kd4 Rd7+ 62.Ke3 Rh7 63.Rf8+ Ke6 64.Kxf3 Ra7 65.Kg4 Ra3 66.Rd8
Ra4+ 67.Kxg5 Ke7 68.Rd5 Rc4 69.Rd6 Rc3 70.Kxh4 Rb3 71.Kg5 Rb1 72.h4 Rg1+ 
73.Kf5 Rh1 74.Nf4 Rc1 75.Nd5+ Kf7 76.c6 Rf1+ 77.Nf4 Rc1 78.h5 Ke7 79.Rd7+ 
Ke8 80.h6 Rc5+ 81.Nd5 Rxc6 82.Nf6+ Rxf6+ 83.Kxf6 Kxd7 84.h7 Kd6 85.h8=Q 
Kd5 86.Qh4 Kc5 87.Ke6 Kb6 88.Kd6 Kb5 89.Qd4 Ka6 90.Qb4 Ka7 91.Kc7 Ka6 92.
Qb6# 1-0

[Event "Canada vs. Sweden"]
[Site "CCCA"]
[Date "2014.12.01"]
[Round "2"]
[White "Zeghachov, Djamel"]
[Black "Lackey, Ryan"]
[Result "1/2-1/2"]
[WhiteElo "1990"]
[BlackElo "1872"]
[EventDate "2014.12.01"]
[Board "23"]
[WhiteTeam "Sweden"]
[BlackTeam "Canada"]

1.d4 Nf6 2.Nf3 g6 3.c4 Bg7 4.Nc3 O-O 5.e4 d6 6.Be2 e5 7.O-O Nc6 8.Be3 Ng4 
9.Bg5 f6 10.Bh4 h5 11.d5 Ne7 12.Nd2 f5 13.Bg5 Nf6 14.f3 b6 15.b4 Nh7 16.
Be3 c5 17.Qb3 h4 18.h3 Nf6 19.a4 Nh5 20.a5 Bd7 21.Rfb1 Nf4 22.Bf1 fxe4 23.
Ndxe4 Nf5 24.Bf2 Nd4 25.Qb2 Bf5 26.axb6 axb6 27.bxc5 Rxa1 28.Rxa1 bxc5 29.
Qb7 Bxe4 30.Nxe4 Nf5 31.Ra7 Nh5 32.Qa6 Qb8 33.Rb7 Qa8 34.Ra7 Qb8 35.Rb7 
Qa8 1/2-1/2

[Event "Canada vs. Sweden"]
[Site "CCCA"]
[Date "2014.12.01"]
[Round "1"]
[White "Selby, Robin"]
[Black "Enoksson, Björn"]
[Result "0-1"]
[WhiteElo "1335"]
[BlackElo "1564"]
[EventDate "2014.12.01"]
[Board "37"]
[WhiteTeam "Canada"]
[BlackTeam "Sweden"]

1.e4 c5 2.Nf3 d6 3.Bc4 e6 4.O-O Nc6 5.Nc3 Nf6 6.Re1 Be7 7.d3 d5 8.exd5 
exd5 9.Bb3 O-O 10.h3 h6 11.a3 a6 12.Bd2 Be6 13.Qc1 Kh7 14.Kh1 Rg8 15.Rg1 
b5 16.Ba2 c4 17.dxc4 dxc4 18.g4 Nd5 19.Nxd5 Bxd5 20.c3 Bxf3+ 21.Kh2 Bd6+ 
22.Rg3 Bxg4 23.Bb1+ g6 24.hxg4 Qh4+ 25.Kg2 Bxg3 26.fxg3 Qxg4 27.Qf1 Kg7 
28.Bc2 Rad8 29.Qf2 Ne5 30.Be3 Rd5 31.Bd1 Rxd1 32.Rxd1 Qxd1 33.Qd2 Qf3+ 34.
Kg1 Qxg3+ 35.Kf1 Ng4 36.Bd4+ f6 37.Qg2 Qf4+ 38.Ke1 Re8+ 39.Kd1 Ne3+ 40.
Bxe3 Qxe3 41.Qb7+ Re7 42.Qh1 Qd3+ 43.Kc1 Qe3+ 44.Kc2 Qd3+ 45.Kc1 a5 46.Qg1
b4 47.Qf2 bxc3 48.bxc3 Qxc3+ 49.Qc2 Re1# 0-1

[Event "Canada vs. Sweden"]
[Site "CCCA"]
[Date "2014.12.01"]
[Round "2"]
[White "Enoksson, Björn"]
[Black "Selby, Robin"]
[Result "1-0"]
[WhiteElo "1564"]
[BlackElo "1335"]
[EventDate "2014.12.01"]
[Board "37"]
[WhiteTeam "Sweden"]
[BlackTeam "Canada"]

1.e4 e5 2.d4 exd4 3.c3 dxc3 4.Bc4 Bc5 5.Bxf7+ Kf8 6.Bxg8 Rxg8 7.Qf3+ Qf6 
8.e5 Qxf3 9.Nxf3 c2 10.Nc3 d6 11.Nd5 a5 12.Nxc7 Ra7 13.e6 Ke7 14.Bg5+ Kf8 
15.Kd2 b6 16.Bd8 Nc6 17.e7+ Kf7 18.Ng5+ Kg6 19.Nge6 Nxe7 20.Nxc5 Rxd8 21.
N5e6 Bxe6 22.Nxe6 Rc8 23.Rac1 Kf5 24.Nxg7+ Kf6 25.Nh5+ Kg5 26.Ng3 Rac7 27.
Ne4+ Kg6 28.h4 d5 29.h5+ Kf5 30.Nd6+ Ke6 31.Nxc8 Nxc8 32.Rhe1+ Kf5 33.f3 
Nd6 34.Rxc2 Rg7 35.g4+ Kg5 36.Re5+ Kh4 37.Rxd5 Nb7 38.Ke2 Nc5 39.Rcd2 Kg3 
40.Rf5 a4 41.Kf1 Ne6 42.Rg2+ Kh4 43.Kf2 Ng5 44.Rh2+ Nh3+ 45.Kg2 1-0

[Event "Canada vs. Sweden"]
[Site "CCCA"]
[Date "2014.12.01"]
[Round "1"]
[White "Prystenski, Arthur"]
[Black "Skogfeldt, Torgny"]
[Result "1/2-1/2"]
[WhiteElo "2251"]
[BlackElo "2282"]
[EventDate "2014.12.01"]
[Board "8"]
[WhiteTeam "Canada"]
[BlackTeam "Sweden"]

1.d4 d5 2.c4 e6 3.Nf3 Nf6 4.Nc3 c6 5.Bg5 dxc4 6.e4 b5 7.e5 h6 8.Bh4 g5 9.
Nxg5 hxg5 10.Bxg5 Nbd7 11.g3 Bb7 12.Bg2 Qb6 13.exf6 O-O-O 14.O-O c5 15.d5 
b4 16.Na4 Qa6 17.a3 Bxd5 18.Bxd5 Ne5 19.Nxc5 Bxc5 20.Qe2 exd5 21.Qxe5 b3 
22.Qf5+ Qe6 23.Qxe6+ fxe6 24.Rad1 Kd7 25.Kg2 Rc8 26.Rfe1 Bd6 27.f4 c3 28.
f5 exf5 29.Rxd5 cxb2 30.Bf4 Rc2+ 31.Kf1 Rhxh2 32.Rxd6+ Kc8 33.Be3 Rce2 34.
Rdd1 Rxe3 35.Rxe3 Rh1+ 36.Ke2 Rxd1 37.Rxb3 Rd6 38.f7 Rf6 39.Rxb2 Rxf7 40.
Rb5 Rf6 41.Rc5+ 1/2-1/2

[Event "Canada vs. Sweden"]
[Site "CCCA"]
[Date "2014.12.01"]
[Round "2"]
[White "Skogfeldt, Torgny"]
[Black "Prystenski, Arthur"]
[Result "1/2-1/2"]
[WhiteElo "2282"]
[BlackElo "2251"]
[EventDate "2014.12.01"]
[Board "8"]
[WhiteTeam "Sweden"]
[BlackTeam "Canada"]

1.e4 e6 2.d4 d5 3.Nc3 Nf6 4.Bg5 Bb4 5.e5 h6 6.Bh4 g5 7.Bg3 Ne4 8.Ne2 c5 9.
a3 Nxc3 10.Nxc3 Bxc3+ 11.bxc3 Qa5 12.Qd2 Nc6 13.dxc5 Bd7 14.Rb1 O-O-O 15.
Be2 Qxc5 16.O-O b6 17.Qe3 d4 18.cxd4 Nxd4 19.Ba6+ Kc7 20.c3 Nf5 21.Qxc5+ 
bxc5 22.f4 Bc6 23.fxg5 hxg5 24.Bf2 Rd2 25.Rfe1 Rhd8 26.Bf1 Rc2 27.Rbc1 Ra2
28.Ra1 Rc2 29.Re2 Rxe2 30.Bxe2 Rd2 31.Bf1 Rd5 32.Re1 1/2-1/2

[Event "Canada vs. Sweden"]
[Site "CCCA"]
[Date "2014.12.01"]
[Round "1"]
[White "Morrell, Gordon"]
[Black "Brissman, Anders"]
[Result "1/2-1/2"]
[WhiteElo "2245"]
[BlackElo "2254"]
[EventDate "2014.12.01"]
[Board "9"]
[WhiteTeam "Canada"]
[BlackTeam "Sweden"]

1.c4 e5 2.g3 Nf6 3.Bg2 d5 4.cxd5 Nxd5 5.Nc3 Nb6 6.Nf3 Nc6 7.d3 Be7 8.Be3 
O-O 9.O-O Be6 10.Rc1 Qd7 11.a3 f6 12.Ne4 Nd5 13.Bc5 b6 14.Bxe7 Ndxe7 15.
Qa4 Rad8 16.Qa6 Qc8 17.Qxc8 Rxc8 18.Rc2 Na5 19.b4 Nb3 20.Rb1 Rfd8 21.Ned2 
Nxd2 22.Nxd2 c6 23.Rbc1 Bd5 24.Bh3 Rb8 25.Nc4 Kf7 26.Ne3 Bb3 27.Rc3 Ba4 
28.Bg2 Rd4 29.Be4 g6 30.Rf1 Rbd8 31.f4 exf4 32.Rxf4 R4d6 33.Rc1 Nd5 34.
Nxd5 1/2-1/2

[Event "Canada vs. Sweden"]
[Site "CCCA"]
[Date "2014.12.01"]
[Round "2"]
[White "Brissman, Anders"]
[Black "Morrell, Gordon"]
[Result "1/2-1/2"]
[WhiteElo "2254"]
[BlackElo "2245"]
[EventDate "2014.12.01"]
[Board "9"]
[WhiteTeam "Sweden"]
[BlackTeam "Canada"]

1.c4 c5 2.g3 g6 3.Bg2 Bg7 4.e3 e6 5.Ne2 Ne7 6.Nbc3 Nbc6 7.d4 cxd4 8.Nxd4 
Nxd4 9.exd4 d5 10.cxd5 Nxd5 11.O-O O-O 12.Qb3 Ne7 13.Bg5 h6 14.Be3 Nf5 15.
Rad1 Nxd4 16.Bxd4 Bxd4 17.Nb5 e5 18.Nxd4 exd4 19.Qb4 a5 20.Qxd4 Qxd4 21.
Rxd4 Be6 22.b3 Rab8 23.Bd5 Rfe8 24.Bxe6 Rxe6 25.Rd7 b6 26.Rc1 g5 27.Rc3 
Kg7 28.Kg2 Kg6 1/2-1/2

[Event "Canada vs. Sweden"]
[Site "CCCA"]
[Date "2014.12.01"]
[Round "1"]
[White "Carter, Maurice H."]
[Black "Johansson, Jan"]
[Result "1-0"]
[WhiteElo "1816"]
[BlackElo "1918"]
[EventDate "2014.12.01"]
[Board "26"]
[WhiteTeam "Canada"]
[BlackTeam "Sweden"]

1.c4 Nf6 2.g3 c6 3.Bg2 e5 4.d4 exd4 5.Qxd4 d5 6.Nf3 Be7 7.cxd5 cxd5 8.Nc3 
Nc6 9.Qa4 O-O 10.O-O Qb6 11.Rd1 Be6 12.Qb5 Qxb5 13.Nxb5 Rac8 14.Be3 a6 15.
Nbd4 Ne4 16.Nxc6 bxc6 17.Nd4 Nf6 18.Nxe6 fxe6 19.Rac1 c5 20.b3 Ng4 21.Bh3 
h5 22.Bd2 Rc6 23.f3 Ne5 24.Bc3 Nf7 25.f4 g5 26.f5 exf5 27.Rxd5 Nd6 28.Bg2 
Rcc8 29.Re5 Bf6 30.Re6 Bxc3 31.Rxc3 Nb5 32.Rce3 Nd4 33.Re7 Rf6 34.Rd7 Kf8 
35.Rh7 Kg8 36.Ree7 Nxe2+ 37.Kf2 Nc3 38.Reg7+ Kf8 39.Rxg5 Re8 40.Bf3 Re5 
41.Rh8+ Ke7 42.Rgxh5 Nxa2 43.Rb8 Rfe6 44.Rh7+ Kf6 45.Rf8+ Kg6 46.Rff7 1-0

[Event "Canada vs. Sweden"]
[Site "CCCA"]
[Date "2014.12.01"]
[Round "2"]
[White "Johansson, Jan"]
[Black "Carter, Maurice H."]
[Result "1/2-1/2"]
[WhiteElo "1918"]
[BlackElo "1816"]
[EventDate "2014.12.01"]
[Board "26"]
[WhiteTeam "Sweden"]
[BlackTeam "Canada"]

1.e4 e6 2.d4 d5 3.Nc3 Bb4 4.e5 c5 5.a3 Bxc3+ 6.bxc3 Qa5 7.Bd2 Qa4 8.Qb1 c4
9.Nf3 Nc6 10.g3 Nge7 11.h4 b6 12.Bg2 h6 13.Qb2 O-O 14.g4 Bd7 15.h5 Qa5 16.
g5 Kh7 17.gxh6 gxh6 18.Nh2 Ng8 19.Ng4 f6 20.exf6 Nxf6 21.Nxh6 Rac8 22.Rh4 
e5 23.O-O-O Nxd4 24.cxd4 c3 25.Bxc3 Rxc3 26.dxe5 Kxh6 27.exf6 Bf5 28.Bxd5 
Rxc2+ 29.Qxc2 Bxc2 30.Kxc2 Rc8+ 31.Kb1 Qb5+ 32.Rb4 Qa6 33.Rbd4 Qb5+ 34.Rb4
Qa5 35.Rb3 Qc5 36.Rb2 Rd8 37.f7 Qxa3 38.Rb3 Qc5 39.Rg3 Qb4+ 40.Kc2 Qc5+ 
41.Kb1 Qb5+ 42.Rb3 Qe2 43.Rbd3 Qg4 44.Bb3 Qf5 45.Kc1 Rc8+ 46.Kb2 Qxf2+ 
1/2-1/2

[Event "Canada vs. Sweden"]
[Site "CCCA"]
[Date "2014.12.01"]
[Round "1"]
[White "White, Richard"]
[Black "Andersson, Kjell-Åke"]
[Result "0-1"]
[WhiteElo "1810"]
[BlackElo "1898"]
[EventDate "2014.12.01"]
[Board "27"]
[WhiteTeam "Canada"]
[BlackTeam "Sweden"]

1.d4 Nf6 2.c4 g6 3.Nc3 d5 4.cxd5 Nxd5 5.e4 Nxc3 6.bxc3 Bg7 7.Nf3 c5 8.Be3 
Qa5 9.Qd2 Nc6 10.Rb1 a6 11.Bc4 e6 12.e5 O-O 13.O-O b5 14.Be2 Rd8 15.Bg5 
Rd7 16.Bf6 cxd4 17.Qf4 dxc3 18.h4 b4 19.h5 Bxf6 20.Qxf6 Qd8 21.Qf4 Nd4 22.
Nxd4 Rxd4 23.Qh6 Bb7 24.hxg6 hxg6 25.Rbd1 Rxd1 26.Rxd1 Qf8 27.Qh4 Bd5 28.
Bf3 Bxf3 29.gxf3 c2 30.Rc1 Rc8 31.Kg2 a5 32.Rh1 Qg7 33.Qf4 a4 34.Rc1 b3 
35.Qxa4 Qxe5 36.Qa3 b2 0-1

[Event "Canada vs. Sweden"]
[Site "CCCA"]
[Date "2014.12.01"]
[Round "2"]
[White "Andersson, Kjell-Åke"]
[Black "White, Richard"]
[Result "1/2-1/2"]
[WhiteElo "1898"]
[BlackElo "1810"]
[EventDate "2014.12.01"]
[Board "27"]
[WhiteTeam "Sweden"]
[BlackTeam "Canada"]

1.e4 e5 2.Nf3 Nc6 3.d4 exd4 4.Nxd4 Nxd4 5.Qxd4 d6 6.Nc3 Nf6 7.Bg5 Be7 8.
O-O-O h6 9.Bh4 O-O 10.Bc4 Ng4 11.Bxe7 Qxe7 12.f4 Nf6 13.h3 Be6 14.e5 dxe5 
15.Qxe5 Rfe8 16.Bxe6 fxe6 17.Rhe1 a6 18.f5 Rad8 19.fxe6 Rxd1+ 20.Nxd1 Nh7 
21.Nc3 Qg5+ 22.Qxg5 Nxg5 23.e7 Kf7 24.Kd2 1/2-1/2

[Event "Canada vs. Sweden"]
[Site "CCCA"]
[Date "2014.12.01"]
[Round "1"]
[White "Sadler, Craig"]
[Black "Ronneland, Daniel"]
[Result "1/2-1/2"]
[WhiteElo "2322"]
[BlackElo "2406"]
[EventDate "2014.12.01"]
[Board "3"]
[WhiteTeam "Canada"]
[BlackTeam "Sweden"]

1.d4 Nf6 2.c4 g6 3.Nc3 Bg7 4.e4 d6 5.Be2 O-O 6.Nf3 e5 7.O-O Na6 8.Be3 Ng4 
9.Bg5 Qe8 10.h3 h6 11.Bc1 Nf6 12.Bd3 Nd7 13.Be3 exd4 14.Nxd4 Ndc5 15.Bc2 
Nb4 16.Nd5 Nxc2 17.Qxc2 Qd8 18.Rad1 c6 19.Nc3 Qh4 20.Nde2 Re8 21.f3 Bf8 
22.b3 Be6 23.Rd4 Rad8 24.Qd2 Bc8 25.Rd1 Ne6 26.Bf2 Qf6 27.Rd3 b6 28.b4 Bb7
29.Bg3 h5 30.Bh2 Kh7 31.Qe1 c5 32.b5 Nd4 33.Nxd4 cxd4 34.Rxd4 Bg7 35.R4d3 
Rc8 36.Nd5 Bxd5 37.Rxd5 Rxc4 38.Qd2 Bh6 39.Rxd6 Bxd2 40.Rxf6 Be3+ 41.Kf1 
Re7 42.Rfd6 Ra4 43.Rd7 Rxd7 44.Rxd7 Kg8 45.Be5 g5 46.Rd3 Bc5 47.Bf6 Rxa2 
48.g4 Kh7 49.Bxg5 Rh2 50.gxh5 Rh1+ 51.Ke2 Rh2+ 52.Kd1 Rxh3 53.h6 Bf8 54.
Bf4 Bxh6 55.Bb8 Rh1+ 56.Kc2 Ra1 57.Rd7 Kg6 58.Bxa7 Ra5 59.Bxb6 Rxb5 60.
Rd6+ Kh7 61.Bg1 Bg7 62.Rd5 Rb2+ 63.Kd3 Rb3+ 64.Ke2 Rb2+ 65.Ke3 Rg2 66.Rd1 
Be5 67.f4 Rg3+ 68.Kf2 Bxf4 69.Bh2 1/2-1/2

[Event "Canada vs. Sweden"]
[Site "CCCA"]
[Date "2014.12.01"]
[Round "2"]
[White "Ronneland, Daniel"]
[Black "Sadler, Craig"]
[Result "1/2-1/2"]
[WhiteElo "2406"]
[BlackElo "2322"]
[EventDate "2014.12.01"]
[Board "3"]
[WhiteTeam "Sweden"]
[BlackTeam "Canada"]

1.e4 e5 2.Nf3 Nf6 3.Nxe5 d6 4.Nf3 Nxe4 5.d4 d5 6.Bd3 Nc6 7.O-O Be7 8.c4 
Nb4 9.Be2 O-O 10.Nc3 Bf5 11.a3 Nxc3 12.bxc3 Nc6 13.Re1 Re8 14.cxd5 Qxd5 
15.Bf4 Rac8 16.Bd3 Qd7 17.Rb1 b6 18.d5 Bxd3 19.Qxd3 Bxa3 20.Ng5 g6 21.Ne4 
Qf5 22.Bxc7 Rxc7 23.Nf6+ Qxf6 24.Rxe8+ Kg7 25.dxc6 Bc5 26.Rb2 Rxc6 27.Qd8 
Bd4 28.Rg8+ Kh6 29.Rc2 a5 30.Qf8+ Kh5 31.Qe8 Re6 1/2-1/2

[Event "Canada vs. Sweden"]
[Site "CCCA"]
[Date "2014.12.01"]
[Round "1"]
[White "de Breyne, Victor"]
[Black "Jonsson, Lars"]
[Result "1/2-1/2"]
[WhiteElo "2149"]
[BlackElo "2192"]
[EventDate "2014.12.01"]
[Board "14"]
[WhiteTeam "Canada"]
[BlackTeam "Sweden"]

1.d4 Nf6 2.Bg5 c5 3.d5 d6 4.Nc3 h6 5.Bxf6 exf6 6.e4 Nd7 7.Nf3 a6 8.a4 g6 
9.Be2 Bg7 10.O-O O-O 11.Nd2 Re8 12.Nc4 Ne5 13.Ne3 f5 14.exf5 gxf5 15.f4 
Nd3 16.Bxd3 Rxe3 17.Qd2 Re7 18.Rae1 Rxe1 19.Rxe1 Bd7 20.b3 b5 21.axb5 Qa5 
22.Nb1 Qb6 23.Kh1 axb5 24.Qe3 Qb7 25.c4 bxc4 26.bxc4 Qb2 27.Qg3 Ra2 28.h4 
Qf2 1/2-1/2

[Event "Canada vs. Sweden"]
[Site "CCCA"]
[Date "2014.12.01"]
[Round "2"]
[White "Jonsson, Lars"]
[Black "de Breyne, Victor"]
[Result "1-0"]
[WhiteElo "2192"]
[BlackElo "2149"]
[EventDate "2014.12.01"]
[Board "14"]
[WhiteTeam "Sweden"]
[BlackTeam "Canada"]

1.d4 Nf6 2.Nf3 g6 3.c4 Bg7 4.Nc3 d5 5.cxd5 Nxd5 6.e4 Nxc3 7.bxc3 c5 8.Be3 
Qa5 9.Qd2 O-O 10.Rc1 Rd8 11.d5 e6 12.Bg5 f6 13.Be3 Nc6 14.Bd3 b6 15.O-O 
Ba6 16.Be2 Qa4 17.Bxa6 Qxa6 18.c4 Nb4 19.h4 Qxa2 20.Qd1 Bf8 21.h5 exd5 22.
exd5 gxh5 23.Nh4 b5 24.Qxh5 bxc4 25.Qg4+ Kh8 26.Qh3 Kg8 27.Bxc5 Bxc5 28.
Qe6+ Kg7 29.Nf5+ Kg6 30.d6 Nd3 31.Nh4+ 1-0